Arctic Monkeys Lyrics - Perhaps Vampires Is A Bit Strong But... - Statistics

General Stats
  • This quiz has been taken 50 times
  • The average score is 206 of 246
Answer Stats
Lyrics % Correct
a
100%
I
97%
"I
97%
You
97%
you
97%
all
94%
(All
94%
and
94%
And
94%
are
94%
by
94%
do
94%
doin'?
94%
people
94%
the
94%
to
94%
vampires
94%
vampires!)
94%
is
91%
on
91%
"What
91%
What
91%
what
91%
but
88%
he
88%
He
88%
in
88%
no
88%
not
88%
pretend
88%
stand
88%
stories
88%
that
88%
your
88%
Your
88%
be
85%
'Cause
85%
certain
85%
fail
85%
I'm
85%
know
85%
me
85%
me,
85%
so
85%
stale
85%
they
85%
we
85%
will
85%
ya?
85%
doing
82%
eyes
82%
I've
82%
just
82%
one?"
82%
or
82%
Or
82%
though
82%
us
82%
way
82%
way"
82%
we'll
82%
Well
82%
win
82%
actually
79%
as
79%
can't
79%
don't
79%
earth's
79%
fix
79%
got
79%
have
79%
it's
79%
like
79%
never
79%
pay
79%
said,
79%
seen
79%
things
79%
Thinkin'
79%
want
79%
believe
76%
better
76%
big
76%
'bout
76%
condescending!
76%
did
76%
drove
76%
has
76%
launcher
76%
move
76%
of
76%
rocket
76%
shotgun
76%
true,
76%
ways
76%
we're
76%
you're
76%
how
74%
How
74%
much
74%
my
74%
plan,
71%
some
71%
signs
68%
You'd
68%
advice
65%
confusion
65%
full
65%
stay
65%
surprise
65%
dollar
62%
give
62%
If
62%
pointers
62%
praise
62%
round
62%
might
59%
our
59%
snarl
59%
ain't
56%
been
56%
explain
53%
fee
53%
Since
50%
spendin'
50%
recoups
38%
near
29%
Trying
29%
get
12%
No matching quizzes found
Score Distribution
Percent of People with Each Score
Percentile by Number Answered
Your Score History
You have not taken this quiz